[Event "Arctic Chess Challenge"]
[Site "Tromso NOR"]
[Date "2008.08.05"]
[Round "4"]
[White "Royset,J"]
[Black "Granaldi,A"]
[Result "1/2-1/2"]
[WhiteElo "2208"]
[BlackElo "2082"]

1.e4 c5 2.Nf3 e6 3.d4 cxd4 4.Nxd4 a6 5.Bd3 Bc5 6.Nf3 Be7 7.O-O d6 8.c4 Qc7
9.Nc3 Nf6 10.Be3 Nbd7 11.Nd4 Ne5 12.h3 Nxd3 13.Qxd3 O-O 14.f4 Bd7 15.Rac1 Rac8
16.b3 Rfd8 17.f5 Qb8 18.a4 d5 19.cxd5 exd5 20.e5 Qxe5 21.Bf4 Qxd4+ 22.Qxd4 Bc5
23.Qxc5 Rxc5 24.Bd6 Rc6 25.Be7 Rdc8 26.Bxf6 gxf6 27.Ne2 Rxc1 28.Rxc1 Rxc1+
29.Nxc1 Bxf5 30.Ne2 Kf8 31.Kf2 Ke7 32.b4 Kd6 33.Ke3 Ke5 34.Nd4 Be4 35.g3 Bf5
36.h4 Bg4 37.a5 Bd1 38.Kd3 Ba4 39.Nf3+ Kf5 40.Nh2 Bc6 41.Kd4 Ke6 42.Ng4 Ba4
43.Ne3 Bb3 44.Ng2 Kf5 45.Ne3+ Ke6 46.Ng2 Ba2 47.g4 Bb3 48.Nf4+ Kd6 49.Nh5 Ke6  1/2-1/2

[Event "12th HZ Open"]
[Site "Vlissingen NED"]
[Date "2008.08.05"]
[Round "5"]
[White "Bok,B"]
[Black "Landa,K"]
[Result "1/2-1/2"]
[WhiteElo "2212"]
[BlackElo "2615"]

1.e4 c5 2.Nf3 e6 3.d4 cxd4 4.Nxd4 a6 5.Bd3 Qc7 6.O-O Nf6 7.Qe2 d6 8.Rd1 Nc6
9.Nxc6 bxc6 10.Bf4 e5 11.Bg5 Be7 12.c4 Bg4 13.f3 Be6 14.Nc3 O-O 15.Rac1 a5
16.Kh1 Qb7 17.b3 h6 18.Bh4 Rfd8 19.c5 Nh5 20.Bxe7 Qxe7 21.cxd6 Rxd6 22.g3 Rad8
23.Bc2 Rd4 24.Rxd4 Rxd4 25.Rd1 Qa3 26.Bb1 Nf6 27.Kg2 g5 28.Rxd4 exd4 29.Na4 Qc1
30.Bd3 Nd7 31.Qc2 Qe1 32.Qe2 Qb4 33.f4 f6 34.Bc4 Bxc4 35.Qxc4+ Qxc4 36.bxc4 Kf7
37.Kf3 Ke6 38.Ke2 Kd6 39.Kd3 c5 40.h3 h5 41.h4 gxh4 42.gxh4 Kc6 43.Ke2 Nf8
44.Kf3 Ng6 45.Kg3 d3 46.Nb2 d2 47.Nd1 Kd7 48.Nc3 Kc6 49.Nd1 Kc7 50.Nc3 Kd7
51.Nd1 Ke7 52.Nc3 Kf7 53.Nd1 Kf8 54.Ne3 Kg7 55.Nd1 Kf7 56.Nc3 f5 57.e5 Ke7
58.Nd1 Ke6 59.Nc3 a4 60.a3 Nxe5 61.fxe5 Kxe5 62.Kf3 Kd4 63.Nd1 Kxc4 64.Ke3 Kb3
65.Kxd2 Kxa3 66.Kc3 f4 67.Nf2 Ka2 68.Kc2 f3 69.Nh3 Ka3 70.Kc3  1/2-1/2

[Event "12th HZ Open"]
[Site "Vlissingen NED"]
[Date "2008.08.05"]
[Round "5"]
[White "Van den Doel,E"]
[Black "De Jong,M"]
[Result "1/2-1/2"]
[WhiteElo "2568"]
[BlackElo "2324"]

1.e4 c5 2.Nf3 e6 3.d4 cxd4 4.Nxd4 a6 5.Bd3 Nf6 6.O-O e5 7.Bg5 d6 8.Nf5 Bxf5
9.Bxf6 gxf6 10.exf5 d5 11.c4 dxc4 12.Be4 Qxd1 13.Rxd1 Nc6 14.Bxc6+ bxc6 15.Nd2 Bc5
16.Nxc4 Bd4 17.Rd3 O-O 18.Rg3+ Kh8 19.Rd1 Rad8 20.Kf1 Rd5 21.Ra3 Bc5 22.Rad3 Rfd8
23.Ke2 e4 24.R3d2 Bb4 25.Rxd5 cxd5 26.f3 Rg8 27.Ne3 Bc5 28.Rxd5 exf3+ 29.gxf3 Bb6
30.Nc4 Rg2+ 31.Kd3 Bg1 32.h4 Rh2 33.Rd6 Rxh4 34.Rxf6 Rd4+ 35.Kc3 Rf4 36.Rxf7 h5
37.Kd3 Rd4+ 38.Kc3 Rf4 39.Kd3 Rd4+ 40.Kc3 Rf4  1/2-1/2

[Event "Najdorf Memorial Open"]
[Site "Warsaw POL"]
[Date "2008.08.06"]
[Round "5"]
[White "Lach,A"]
[Black "Kultiyasov,M"]
[Result "1-0"]
[WhiteElo "2035"]
[BlackElo "2141"]

1.e4 c5 2.Nf3 e6 3.d4 cxd4 4.Nxd4 a6 5.Bd3 Nf6 6.O-O Qc7 7.f4 d6 8.Kh1 Be7
9.c4 O-O 10.Nc3 Nbd7 11.Qe2 b6 12.Rf3 Bb7 13.Rh3 Rfd8 14.Bd2 Rac8 15.b3 g6
16.f5 Nf8 17.Rf1 Re8 18.Bh6 N6d7 19.Bxf8 Bxf8 20.Qg4 Ne5 21.Qh4 h6 22.Bc2 Qc5
23.Nce2 b5 24.fxe6 Rc7 25.exf7+ Rxf7 26.Rxf7 Nxf7 27.Qf6 Qg5 28.Qf1 Qe5 29.cxb5 axb5
30.Re3 Bg7 31.Bd3 Qc5 32.Bxb5 Re7 33.Rc3 Qb6 34.Rc4 Rxe4 35.Bc6 Bxc6 36.Nxc6 Re8
37.Nf4 g5 38.Nd5 Qb7 39.h3 Ne5 40.Nxe5 Qxd5 41.Ng4 Qe6 42.Rc1 h5 43.Nh2 d5
44.Nf3 Qg6 45.Qb5 Rd8 46.Rf1 g4 47.Nh4 Qe4 48.hxg4 hxg4 49.Qb6 Qe7 50.Nf5 Qg5
51.Qe6+ Kh8 52.Nxg7 Qh4+ 53.Kg1 g3 54.Qh3 Qxh3 55.gxh3 Kxg7 56.Kg2 Rc8 57.Kxg3 Rc2
58.Rf2 Rc3+ 59.Kg4 d4 60.Rd2 d3 61.Kf4 Kf6  1-0

[Event "17th Open"]
[Site "Kavala GRE"]
[Date "2008.08.07"]
[Round "9"]
[White "Nevednichy,V"]
[Black "Nikolov,Mo"]
[Result "1-0"]
[WhiteElo "2577"]
[BlackElo "2500"]

1.e4 c5 2.Nf3 e6 3.d4 cxd4 4.Nxd4 a6 5.Bd3 Nf6 6.O-O Qc7 7.Qe2 d6 8.c4 g6
9.Nc3 Bg7 10.Nf3 Nc6 11.Bf4 e5 12.Bd2 Bg4 13.Qe3 Bxf3 14.Qxf3 O-O 15.Qd1 Nd4
16.Rc1 Rac8 17.Re1 Rfe8 18.b4 Qe7 19.Bg5 Qf8 20.Bf1 h6 21.Be3 h5 22.h3 Ne6
23.Qd3 Red8 24.Rc2 Nd4 25.Rcc1 Bh6 26.Rcd1 Bxe3 27.fxe3 Ne6 28.Be2 Qh6 29.Rf1 Qg5
30.Rf2 Rd7 31.Rdf1 Nh7 32.Nd5 Rf8 33.Bd1 Qh4 34.Kh2 Neg5 35.Bc2 Kg7 36.a4 a5
37.bxa5 Ne6 38.g3 Qd8 39.Nb6 Rc7 40.h4 Rc5 41.Qd2 Qc7 42.Bd3 Qd8 43.Rf3 Qe8
44.R1f2 Rc6 45.Qb4 Nc5 46.Bc2 Qe6 47.Qb1 Qg4 48.Nd5 Qd7 49.Nb6 Qg4 50.Qf1 Qe6
51.Nd5 Qd7 52.Qd1 Qe6 53.Nb6 Rc7 54.Qb1 Rc6 55.Qb2 Rc7 56.Nd5 Rc6 57.Rf1 Qg4
58.Qb1 Qd7 59.R3f2 Qd8 60.Qb4 Qd7 61.Rd2 Qe6 62.Rdf2 Qd7 63.Rb1 Qd8 64.Qd2 Qd7
65.Rb5 Re8 66.Qd1 Re6 67.Qf1 Re8 68.Rb1 Rf8 69.Qe2 Re8 70.Rd1 Qe6 71.Rg1 Rh8
72.Kg2 Nd7 73.Rgf1 Rf8 74.Rb1 Nc5 75.Kh2 Rh8 76.Rf3 Qg4 77.Rbf1 Rf8 78.Qf2 Qe6
79.Qe1 Nd7 80.Qb4 Nc5 81.Qb1 Qg4 82.R3f2 Rcc8 83.Kg2 Rc6 84.Kh2 Rcc8 85.Qb4 Rc6
86.Nc3 Qe6 87.Nd5 Qg4 88.Qb5 Qe6 89.a6 Rxa6 90.Nc7 Qe7 91.Nxa6 bxa6 92.Qc6 Rd8
93.a5 Rd7 94.Qd5 Qe6 95.Qxe6 Nxe6 96.Ba4 Rc7 97.Be8 Nd8 98.Kg2 Kf8 99.Bb5 Nb7
100.Bxa6 Nxa5 101.Bb5 Nb3 102.Rd1 Ke7 103.Rdf1 Kf8 104.Rd1 Ke7 105.Rdf1 Kf8
106.c5 Nxc5 107.Bc4 f6 108.Bd5 Ra7 109.Rb1 Ke7 110.Rb8 Nf8 111.Rfb2 Ra3 112.Kf3 g5
113.Rc8 g4+ 114.Ke2 Ncd7 115.Rb7 Ra1 116.Rxf8 Kxf8 117.Rxd7 Rg1 118.Kf2 Rc1
119.Rf7+ Ke8 120.Rxf6 Rc2+ 121.Kf1 Rc1+ 122.Kg2 Rc2+ 123.Rf2 Rc3 124.Bf7+ Ke7
125.Bxh5 Rxe3 126.Bg6  1-0

[Event "12th HZ Open"]
[Site "Vlissingen NED"]
[Date "2008.08.07"]
[Round "7"]
[White "Llaneza Vega,M"]
[Black "In 't Veld,D"]
[Result "1/2-1/2"]
[WhiteElo "2468"]
[BlackElo "2170"]

1.e4 c5 2.Nf3 e6 3.d4 cxd4 4.Nxd4 a6 5.Bd3 Nf6 6.Qe2 d6 7.O-O g6 8.c4 Bg7
9.Bg5 Nbd7 10.Nc3 Qc7 11.Kh1 O-O 12.Rad1 b6 13.f4 Bb7 14.Nc2 Rac8 15.f5 d5
16.cxd5 exd5 17.Bf4 Qc5 18.e5 Nxe5 19.Bxe5 Rfe8 20.fxg6 hxg6 21.Bd4 Rxe2
22.Bxc5 Rxc2 23.Bxc2 bxc5 24.Rde1 d4 25.Na4 Rc7 26.b3 Ng4 27.Bd3 Be5 28.Nb2 f5
29.Be2 Rh7 30.Bf3 Bxh2 31.Bxb7 Bg3+ 32.Kg1 Bh2+  1/2-1/2

[Event "Open"]
[Site "Stare Mesto CZE"]
[Date "2008.08.08"]
[Round "1"]
[White "Bujnosek,T"]
[Black "Rojicek,V"]
[Result "0-1"]
[WhiteElo "1851"]
[BlackElo "2346"]

1.e4 c5 2.Nf3 e6 3.d4 cxd4 4.Nxd4 a6 5.Bd3 Bc5 6.Nb3 Ba7 7.O-O Nc6 8.Nc3 Qh4
9.Qe2 Nf6 10.h3 d6 11.Be3 g5 12.Bxa7 Rxa7 13.Qf3 Ke7 14.Qg3 Qxg3 15.fxg3 b6
16.Rf2 Ne5 17.Raf1 Nfd7 18.Nd4 Rc7 19.Nd1 Bb7 20.Ne3 Rf8 21.Nf3 f6 22.Nxe5 Nxe5
23.b3 Rc3 24.Rd1 Bxe4 25.Bxe4 Rxe3 26.Bf3 d5 27.Kf1 Rc8 28.Rdd2 a5 29.a4 Rcc3
30.Be2 Rxg3 31.Bb5 h5 32.Rd4 h4  0-1

[Event "Najdorf Memorial Open"]
[Site "Warsaw POL"]
[Date "2008.08.08"]
[Round "7"]
[White "Demidowicz,M"]
[Black "Kultiyasov,M"]
[Result "1-0"]
[WhiteElo "2032"]
[BlackElo "2141"]

1.e4 c5 2.Nf3 e6 3.d4 cxd4 4.Nxd4 a6 5.Bd3 Nf6 6.c4 d6 7.O-O Be7 8.Nc3 Qc7
9.Be3 b6 10.f4 O-O 11.Rc1 Bb7 12.g4 Re8 13.g5 Nfd7 14.Qg4 Bf8 15.Qh4 g6 16.Rf3 Bg7
17.f5 exf5 18.Nd5 Bxd5 19.cxd5 Qd8 20.exf5 Ne5 21.Rh3 h5 22.fxg6 fxg6 23.Bxg6 Nxg6
24.Qxh5 Nf8 25.Ne6 Qe7 26.Nxg7 Qxg7 27.Qxe8  1-0

[Event "IV RC Sport Open"]
[Site "Ceska Trebova CZE"]
[Date "2008.08.09"]
[Round "3"]
[White "Krejci,Jan2"]
[Black "Bernasek,J"]
[Result "1/2-1/2"]
[WhiteElo "2305"]
[BlackElo "2491"]

1.e4 c5 2.Nf3 e6 3.d4 cxd4 4.Nxd4 a6 5.Bd3 Nf6 6.O-O Qc7 7.Qe2 d6 8.c4 g6
9.Nc3 Bg7 10.Nf3 Nc6 11.Bf4 Nd7 12.Rad1 O-O 13.Rd2 Rd8 14.Rfd1 Nde5 15.Qe3 Bd7
16.Be2 Be8 17.Bg5 f6 18.Bf4 Bf7 19.Nd4 Ne7 20.b3 g5 21.Bg3 N7g6 22.Bh5 Re8
23.Nde2 Bf8 24.Na4 b5 25.cxb5 axb5 26.Nac3 Rab8 27.a3 Qc5 28.Nd4  1/2-1/2

[Event "FSIMA August"]
[Site "Budapest HUN"]
[Date "2008.08.10"]
[Round "9"]
[White "Lorand,N"]
[Black "Strunski,A"]
[Result "1-0"]
[WhiteElo "2273"]
[BlackElo "2294"]

1.e4 c5 2.Nf3 e6 3.d4 cxd4 4.Nxd4 a6 5.Bd3 Nc6 6.Nxc6 dxc6 7.Nd2 e5 8.Nc4 Nf6
9.Be3 Be6 10.O-O Qc7 11.Bb6 Qb8 12.Qe1 Nd7 13.Qe3 c5 14.Ba5 b6 15.Bd2 b5
16.Na5 c4 17.Be2 Qc7 18.b4 Nb6 19.Qg3 Rd8 20.Bc3 f6 21.f4 exf4 22.Rxf4 Bd6
23.e5 Bxe5 24.Bxe5 fxe5 25.Bh5+ Kd7 26.Re4 Kc8 27.Rxe5 Bd5 28.Qe3 Kb8 29.Bg4 h5
30.Re7 Qd6 31.Bh3 Rh6 32.Rd1 g5 33.Qxg5 Rg6 34.Qe5 Qxe5 35.Rxe5 h4 36.Rh5 Rgd6
37.Rxh4 Ba8 38.Rxd6 Rxd6 39.Rf4 Rd1+ 40.Rf1 Rd2 41.g4 Rxc2 42.g5 Be4 43.Re1 Bd3
44.Re8+ Kc7 45.Re7+ Kd6 46.Re6+ Kc7 47.Rc6+ Kd8 48.Rxb6 c3 49.Rd6+  1-0

[Event "Najdorf Memorial Open"]
[Site "Warsaw POL"]
[Date "2008.08.10"]
[Round "9"]
[White "Vovk,Y"]
[Black "Gritsak,O"]
[Result "0-1"]
[WhiteElo "2549"]
[BlackElo "2522"]

1.e4 c5 2.Nf3 e6 3.d4 cxd4 4.Nxd4 a6 5.Bd3 Nf6 6.O-O d6 7.c4 Bd7 8.Nc3 Nc6
9.Be3 Be7 10.Kh1 Rc8 11.f4 h5 12.Be2 g6 13.Nxc6 Bxc6 14.Qd4 Rh7 15.Bf3 Ng4
16.Bg1 Qa5 17.Rad1 Kf8 18.f5 Kg8 19.b4 Qxb4 20.fxg6 fxg6 21.Bxg4 hxg4 22.e5 Bxg2+
23.Kxg2 Rxc4 24.Qd3 Qxc3 25.Qxg6+ Rg7 26.Qxe6+ Kh8 27.exd6 Qh3+ 28.Kh1 Rc2
29.Bf2 Qf3+ 30.Kg1 Rxf2 31.Rxf2 Qxd1+ 32.Kg2 Qxd6 33.Qc8+ Kh7 34.Qxb7 Qxh2+  0-1

[Event "FSIMA August"]
[Site "Budapest HUN"]
[Date "2008.08.11"]
[Round "10"]
[White "Humphrey,J"]
[Black "Beck,F"]
[Result "1/2-1/2"]
[WhiteElo "2289"]
[BlackElo "2335"]

1.e4 c5 2.Nf3 e6 3.d4 cxd4 4.Nxd4 a6 5.Bd3 Qc7 6.O-O Nc6 7.Nxc6 dxc6 8.Be3 Nf6
9.Nd2 e5 10.Nc4 Be6 11.Bb6 Qb8 12.Qe1 Nd7 13.Qa5 Nxb6 14.Qxb6 Be7 15.a4 O-O
16.a5 Rd8 17.Qe3 Qc7 18.Nb6 Rab8 19.c3 Bg5 20.Qf3 Qe7 21.Bc4 Rd2 22.b3 Rbd8
23.Rad1 Qf6 24.Rxd2 Rxd2 25.Qxf6 gxf6 26.Bxe6 fxe6 27.Na4 Rd3 28.Rb1 Bh6
29.Kf1 Kf7 30.Ke2 Rd2+ 31.Ke1 Rd7 32.Nc5 Rc7 33.Rd1 Bf8 34.Na4 Ke8 35.Ke2 f5
36.Nb6 Ke7 37.Nc4 Kf6 38.Rd8 Bc5 39.g3 Rf7 40.Nd2 Ke7 41.Rd3 Bxf2 42.exf5  1/2-1/2

[Event "Open"]
[Site "Stare Mesto CZE"]
[Date "2008.08.12"]
[Round "6"]
[White "Beil,M"]
[Black "Blaha,B"]
[Result "1-0"]
[WhiteElo "2208"]
[BlackElo "1970"]

1.e4 c5 2.Nf3 e6 3.d4 cxd4 4.Nxd4 a6 5.Bd3 Nc6 6.Nxc6 dxc6 7.O-O e5 8.Nd2 Bd6
9.Nc4 Bc7 10.f4 Nf6 11.f5 b5 12.Ne3 h5 13.Kh1 Bb7 14.Qf3 Qe7 15.c4 Rd8 16.Rd1 Bb6
17.a4 b4 18.b3 a5 19.Ra2 Bd4 20.g3 c5 21.Nd5 Bxd5 22.cxd5 Qd6 23.Bg5 Rc8
24.Qe2 Ng4 25.Rf1 O-O 26.f6 g6 27.h3 Nf2+ 28.Rxf2 Bxf2 29.Qxf2 Kh7 30.Rc2 Rfd8
31.g4 Qd7 32.Be2 Rh8 33.Qg3  1-0

[Event "VII Open"]
[Site "Ortigueira ESP"]
[Date "2008.08.13"]
[Round "4"]
[White "Pena Torres,J"]
[Black "Manolache,M"]
[Result "0-1"]
[WhiteElo "2143"]
[BlackElo "2521"]

1.e4 c5 2.Nf3 e6 3.d4 cxd4 4.Nxd4 a6 5.Bd3 d6 6.O-O Nf6 7.Bg5 Nbd7 8.Nd2 Qc7
9.Kh1 Be7 10.f4 Nc5 11.Qe2 e5 12.fxe5 dxe5 13.Nf5 Bxf5 14.Rxf5 Ne6 15.Bxf6 Bxf6
16.Qg4 Nd4 17.Rf2 h5 18.Qh3 b5 19.a4 Rb8 20.axb5 axb5 21.Nb1 b4 22.Nd2 Qc8
23.Qxc8+ Rxc8 24.Nc4 O-O 25.Ne3 b3 26.cxb3 Nxb3 27.Raf1 Bg5 28.Nd5 g6 29.g3 h4
30.Kg2 Kg7 31.Kh3 hxg3 32.hxg3 Nd2 33.Rd1 Nc4 34.b3 Ne3 35.Nxe3 Bxe3 36.Rf3 Bd4
37.Rdf1 f6 38.Bc4 Ra8 39.g4 Ra2 40.Kg3 Rh8 41.Rxf6 Rhh2 42.g5 Rhg2+ 43.Kf3 Rxg5
44.Rf7+ Kh6 45.Be6 Rgg2 46.Bh3 Rgb2 47.Kg3 Kg5 48.R7f3 Re2 49.Rh1 Be3 50.Be6 Bf4+  0-1

[Event "IM"]
[Site "Panevezys LTU"]
[Date "2008.08.13"]
[Round "2"]
[White "Zozulia,A"]
[Black "Ciuksyte,D"]
[Result "1-0"]
[WhiteElo "2346"]
[BlackElo "2363"]

1.e4 c5 2.Nf3 e6 3.d4 cxd4 4.Nxd4 a6 5.Bd3 Bc5 6.Nb3 Be7 7.O-O d6 8.f4 Nd7
9.Qf3 Ngf6 10.Nc3 Qc7 11.Kh1 O-O 12.Bd2 b6 13.Rae1 Bb7 14.Qg3 e5 15.fxe5 dxe5
16.Bh6 Nh5 17.Qf3 Nhf6 18.Qg3 Nh5 19.Qf3 Ndf6 20.Bd2 Rae8 21.Rf2 Nf4 22.Bxf4 exf4
23.Qxf4 Bd6 24.Qh4 Re5 25.Rf5 Rxf5 26.exf5 Be5 27.Nd4 Rd8 28.Nf3 Bxf3 29.gxf3 Bxc3
30.bxc3 Qxc3 31.Rg1 g6 32.fxg6 hxg6 33.Qc4 Nd5 34.Qxc3 Nxc3 35.Bxa6 Rd2 36.Bd3 Nxa2
37.Rb1 Rf2 38.Rxb6 Rxf3 39.Bc4 Nc1  1-0

[Event "IM"]
[Site "Panevezys LTU"]
[Date "2008.08.13"]
[Round "3"]
[White "Sarakauskiene,Z"]
[Black "Sharevich,A"]
[Result "0-1"]
[WhiteElo "2197"]
[BlackElo "2318"]

1.e4 c5 2.Nf3 e6 3.d4 cxd4 4.Nxd4 a6 5.Bd3 Nc6 6.Be3 Qc7 7.Nc3 Nf6 8.Nxc6 dxc6
9.f4 e5 10.f5 h5 11.Qf3 Ng4 12.Bd2 Bc5 13.Nd1 b5 14.Qg3 Rg8 15.Qh4 g6 16.h3 Nf6
17.g4 Be7 18.g5 Nd7 19.Rf1 Nc5 20.Be2 Bb7 21.Nf2 O-O-O 22.Nd3 Rgf8 23.O-O-O Nxd3+
24.Bxd3 c5 25.f6 Bd6 26.c3 c4 27.Bc2 Bc5 28.Qg3 a5 29.Be3 b4 30.Bxc5 Qxc5
31.h4 bxc3 32.bxc3 Bc6 33.Rxd8+ Rxd8 34.Rd1 Qa3+ 35.Kb1 Rxd1+ 36.Bxd1 Bxe4+  0-1

[Event "Open A"]
[Site "Vladimir RUS"]
[Date "2008.08.14"]
[Round "3"]
[White "Charochkina,D"]
[Black "Uraev,I"]
[Result "1-0"]
[WhiteElo "2309"]
[BlackElo "2150"]

1.e4 c5 2.Nf3 e6 3.d4 cxd4 4.Nxd4 a6 5.Bd3 Nc6 6.Nxc6 bxc6 7.c4 Nf6 8.Nc3 d5
9.Qa4 Bd7 10.O-O d4 11.Ne2 c5 12.Qc2 Bc6 13.e5 Nd7 14.f4 f5 15.exf6 Nxf6
16.Ng3 Qc7 17.Qe2 Kf7 18.f5 e5 19.Bg5 h5 20.Ne4 Qb7 21.Nd2 Re8 22.Bxf6 gxf6
23.Ne4 Be7 24.Rf3 h4 25.Re1 Reg8 26.Bb1 a5 27.Rb3 Qc7 28.Rh3 Qb7 29.Rf1 Bf8
30.Rf2 a4 31.g4 hxg3 32.Rxg3 Rxg3+ 33.hxg3 Qa8 34.Qg4 Bg7 35.Re2 Rh6 36.Nd6+ Kf8
37.Be4 Bxe4 38.Qxe4 Qxe4 39.Nxe4 Rh5 40.Nxc5 Kf7 41.Ne4 Ke7 42.Rh2 Rxf5 43.Rh7 Kf8
44.c5 Kg8 45.c6 Kxh7 46.c7 Rh5 47.g4 Rh3 48.c8=Q Re3 49.Qf5+ Kg8 50.g5  1-0

[Event "BDO Premier"]
[Site "Haarlem NED"]
[Date "2008.08.15"]
[Round "7"]
[White "Rombaldoni,Ax"]
[Black "Van Vliet,J"]
[Result "1-0"]
[WhiteElo "2374"]
[BlackElo "2296"]

1.e4 c5 2.Nf3 e6 3.d4 cxd4 4.Nxd4 a6 5.Bd3 Qc7 6.O-O Nf6 7.Qe2 d6 8.f4 Nbd7
9.Kh1 Be7 10.c4 b6 11.Nc3 Bb7 12.Bd2 h5 13.f5 e5 14.Nf3 h4 15.Ng5 Nh5 16.Nh3 Nc5
17.Bc2 Rc8 18.Rac1 Bf6 19.Nd5 Qd8 20.b4 Nd7 21.Bd3 Nf4 22.Nxf6+ Qxf6 23.Nxf4 exf4
24.h3 Ne5 25.Bb1 g5 26.fxg6 f3 27.gxf7+ Qxf7 28.gxf3 Qe6 29.Kh2 Rg8 30.f4 Rg3
31.f5 Qg8 32.Bf4 Rxc4 33.Rxc4 Nxc4 34.Qf2 Rg7 35.Rg1 Ne5 36.Bxe5 dxe5 37.Qxb6 Rxg1
38.Qxg1 Qc4 39.Qg6+ Kd7 40.Qg7+ Kc8 41.Qg2 Kb8 42.f6 Bc8 43.Bd3 Qe6 44.Qf1 Qxa2+
45.Kh1 Be6 46.Bxa6 Kc7 47.Bd3 Kd8 48.b5 Ke8 49.b6 Kf7 50.b7 Qa7 51.Qb1 Qe3
52.Bf1 Bxh3 53.Qa2+ Kxf6 54.b8=Q Qxe4+ 55.Kg1  1-0

[Event "Open"]
[Site "Stare Mesto CZE"]
[Date "2008.08.15"]
[Round "9"]
[White "Jurcik,Mari"]
[Black "Hrabusa,M"]
[Result "1-0"]
[WhiteElo "2378"]
[BlackElo "2246"]

1.e4 c5 2.Nf3 e6 3.d4 cxd4 4.Nxd4 a6 5.Bd3 Bc5 6.Be3 d6 7.c3 Nf6 8.Nd2 e5
9.Nc2 Be6 10.Bxc5 dxc5 11.Bc4 Qd7 12.Qe2 Nc6 13.O-O O-O 14.Nb3 Bxc4 15.Qxc4 b6
16.f3 Rfd8 17.Ne3 Ne7 18.Rfd1 Qb7 19.a4 Rxd1+ 20.Rxd1 Rc8 21.a5 Ne8 22.Nd5 b5
23.Nxe7+ Qxe7 24.Qd5 Kf8 25.Qd7 Rc7 26.Qxe7+ Kxe7 27.Rd5 f6 28.Nxc5 Ra7 29.Kf2 Nd6
30.b3 Rc7 31.Ke2 Rc6 32.Kd3 Kf7 33.Nb7 Nxb7 34.Rd7+ Ke6 35.Rxb7 g5 36.Rxh7 Rd6+
37.Kc2 Rc6 38.Rb7  1-0

[Event "Open A"]
[Site "Vladimir RUS"]
[Date "2008.08.15"]
[Round "4"]
[White "Lavrik,D"]
[Black "Kolmakov,P"]
[Result "1-0"]
[WhiteElo "2387"]
[BlackElo "2263"]

1.e4 c5 2.Nf3 e6 3.d4 cxd4 4.Nxd4 a6 5.Bd3 Qc7 6.O-O Nc6 7.Nxc6 dxc6 8.f4 e5
9.fxe5 Qxe5 10.Nd2 Nf6 11.Nc4 Bc5+ 12.Kh1 Qh5 13.Qxh5 Nxh5 14.b4 Bd4 15.Rb1 O-O
16.c3 Ba7 17.Nd6 b5 18.e5 g6 19.Be4 Bd7 20.Bg5 Bb8 21.Rbd1 Bg4 22.Rd2 Bxd6
23.exd6 Bd7 24.Be7 Rfe8 25.Bc2 Ng7 26.Bb3 Nf5 27.g4 Nxe7 28.Rxf7 Nd5 29.Rxd7 Re5
30.Rc7 Kh8 31.Bxd5  1-0

[Event "Open A"]
[Site "Vladimir RUS"]
[Date "2008.08.16"]
[Round "5"]
[White "Maximov,An"]
[Black "Uraev,I"]
[Result "1-0"]
[WhiteElo "2146"]
[BlackElo "2150"]

1.e4 c5 2.Nf3 e6 3.d4 cxd4 4.Nxd4 a6 5.Bd3 Nf6 6.O-O d6 7.c4 Be7 8.Nc3 Qc7
9.Be3 Nbd7 10.Rc1 O-O 11.Nb3 b6 12.f4 Bb7 13.g4 Nc5 14.Nxc5 bxc5 15.g5 Nd7
16.Rf3 Rfe8 17.Rh3 g6 18.Qg4 Bf8 19.Qh4 h5 20.gxh6 Kh7 21.Qg3 f5 22.Kf2 Nf6
23.Rg1 Qf7 24.Qf3 Rab8 25.b3 d5 26.Nxd5 exd5 27.exf5 gxf5 28.Bxf5+ Kh8 29.Qg3 d4
30.Qg7+ Qxg7 31.hxg7+ Kg8 32.Rh8+ Kf7 33.gxf8=Q+ Rxf8 34.Rxf8+ Rxf8 35.Bc1 Rh8
36.h3 Be4 37.Bxe4 Nxe4+ 38.Kf3 Nf6 39.Rh1 Re8 40.Bd2 Ne4 41.Ba5 Nf6 42.Re1 Rh8
43.Kg2 Rg8+ 44.Kh2 Rh8 45.Bd2 a5 46.Kg2 Rg8+ 47.Kf3 Rh8 48.Rh1 Ra8 49.h4 a4
50.b4 cxb4 51.Bxb4 a3 52.Rd1 Ra4 53.Rb1 Ke6 54.Ke2 Kf5 55.Kd3 Kxf4 56.Kxd4 Kf5
57.c5 Ra6 58.Kc4 Ne8 59.Rb3 Rh6 60.Be1 Ra6 61.Bg3 Ra7 62.c6 Ke6 63.Re3+ Kf7
64.Kb5 Nf6 65.Rd3 Ra8 66.Kb6 Ne8 67.c7 Nxc7 68.Kxc7 Ra4 69.h5 Kg7 70.Bd6 Kh6
71.Rxa3 Rc4+ 72.Kb6 Kxh5 73.Rd3 Kg6 74.Kb5  1-0

[Event "Open A"]
[Site "Vladimir RUS"]
[Date "2008.08.16"]
[Round "5"]
[White "Ziatdinov,R"]
[Black "Belous,V"]
[Result "1/2-1/2"]
[WhiteElo "2433"]
[BlackElo "2409"]

1.e4 c5 2.Nf3 e6 3.d4 cxd4 4.Nxd4 a6 5.Bd3 Bc5 6.Nb3 Ba7 7.O-O Nc6 8.Na3 d6
9.Qe2 Nf6 10.Bg5 h6 11.Be3 O-O 12.Rfd1 Qc7 13.Bxa7 Rxa7 14.Qe3 e5 15.c4 b6
16.Rac1 Qb8 17.Nb1 Nd7 18.Nc3 Nc5 19.Ne2 Qc7 20.Bb1 Bg4 21.f3 Be6 22.Qd2 Rd8
23.Na1 b5 24.cxb5 axb5 25.b4 Na4 26.Nb3 Nb6 27.Nc3 Nc4 28.Qf2 Qb7 29.f4 exf4
30.Qxf4 Nxb4 31.Nd4 Bd7 32.Nf5 Qc7 33.Kh1 d5 34.Ne7+ Kf8 35.Qxc7 Rxc7 36.Nexd5 Nxd5
37.Nxd5 Ra7 38.Nb4 Ke8 39.Bd3 Bg4 40.Re1 Rc8 41.Rc3 Ra4 42.Rb1 Kd8 43.Kg1 Be6
44.Bc2 Ra3 45.Bb3 Kc7 46.Nc2 Ra5 47.Nd4 Kd6 48.Rbc1 Ke5 49.Nxe6 fxe6 50.a4 Rb8
51.axb5 Nd6 52.Rc5+ Kxe4 53.Rc6 Raxb5 54.Re1+ Kf4 55.g3+ Kg5 56.h4+ Kf6 57.Rxe6+ Kf5
58.g4+ Kf4 59.Bd1 Ne4 60.Bc2 Kg3 61.Kf1 Nf6 62.g5 Ng4 63.gxh6 gxh6 64.h5 Rf8+
65.Ke2 Rxh5 66.Rc3+ Kh4 67.Bd1 Re5+ 68.Rxe5 Nxe5 69.Re3 Rf5 70.Bc2 Rg5 71.Kf1 Ng4
72.Ra3 Re5 73.Bg6 Kg5 74.Bd3 h5 75.Be2 Nf6 76.Rg3+ Kh6 77.Rb3 h4 78.Rb6 Kg5
79.Rb5 Nd5 80.Kg1 Kf4 81.Bc4 Kg3 82.Rxd5 Rxd5 83.Bxd5 h3 84.Kh1 h2  1/2-1/2

[Event "ch-Euro Seniors"]
[Site "Davos SUI"]
[Date "2008.08.17"]
[Round "9"]
[White "Gruzmann,B"]
[Black "Vucenovic,D"]
[Result "1-0"]
[WhiteElo "2240"]
[BlackElo "2313"]

1.e4 c5 2.Nf3 e6 3.d4 cxd4 4.Nxd4 a6 5.Bd3 Qc7 6.f4 b6 7.Nc3 Bb7 8.O-O Bc5
9.Ne2 d6 10.Qe1 b5 11.Qg3 g6 12.Kh1 Nf6 13.f5 Nh5 14.Qh4 exf5 15.exf5 Nc6
16.Nb3 Ne5 17.Nxc5 Qxc5 18.Nf4 Qc6 19.Rf2 Rg8 20.fxg6 hxg6 21.Ne2 Nxd3 22.cxd3 Qc2
23.Nc3 Qxd3 24.Re2+ Qxe2 25.Nxe2 Kd7 26.Qf2 f5 27.Bf4 Rae8 28.Rd1 Re6 29.Qb6  1-0

[Event "U16 Olympiad"]
[Site "Mersin TUR"]
[Date "2008.08.18"]
[Round "2"]
[White "Kilpatrick,C"]
[Black "Janiashvili,I"]
[Result "1/2-1/2"]
[WhiteElo "2203"]
[BlackElo "2192"]

1.e4 c5 2.Nf3 e6 3.d4 cxd4 4.Nxd4 a6 5.Bd3 Nc6 6.Nxc6 dxc6 7.Nd2 e5 8.Nc4 Bd6
9.Be2 Bc7 10.Qxd8+ Kxd8 11.Bg5+ Ke8 12.O-O-O Be6 13.f3 Nf6 14.Be3 Nd7 15.Nd6+ Bxd6
16.Rxd6 Ke7 17.Rhd1 Rhd8 18.b3 Nf6 19.Bc5 Ke8 20.c4 Nd7 21.Be3 Nf6 22.Bc5 Nd7
23.Be3 Nf6 24.c5 Rxd6 25.Rxd6 Rd8 26.Rxd8+ Kxd8 27.Kc2 Nd7 28.Bd3 f6 29.Kc3 g6
30.g3 Bf7 31.f4 Be6 32.h4 Ke7 33.f5 Bf7 34.g4 Kd8 35.Bc4 Bxc4 36.Kxc4 Ke7
37.a3 Kf7 38.Kb4 h5 39.gxh5 gxh5 40.Ka5 Ke7 41.a4 Kd8 42.b4 Kc7 43.b5 axb5
44.axb5 Nb8 45.Bh6 Nd7 46.Be3 Nb8 47.Kb4 Nd7 48.Kc4 Kc8 49.Bh6 Kc7 50.Be3 Nb8
51.Kb4 Nd7 52.Bg1 Nb8 53.Bf2 Nd7 54.Ka5 Nb8 55.Bg1 Nd7 56.Be3 Nb8 57.Bh6 Nd7
58.Kb4 Nb8 59.Bf8 cxb5 60.Bd6+ Kc8 61.Bxb8 Kxb8 62.Kxb5 Kc7 63.Kb4 Kd7 64.Kc3 Kc7
65.Kb3 Kd8 66.Kc4 Kc8 67.Kb4 Kd7 68.Kb3 Kc7 69.Kc3 Kd8 70.Kc4 Kc8 71.Kb4 Kd7
72.Ka5 Kc6  1/2-1/2

[Event "U16 Olympiad"]
[Site "Mersin TUR"]
[Date "2008.08.18"]
[Round "3"]
[White "Yilmazyerli,M"]
[Black "Vardanian,HaiG"]
[Result "0-1"]
[WhiteElo "2207"]
[BlackElo "2177"]

1.e4 c5 2.Nf3 e6 3.d4 cxd4 4.Nxd4 a6 5.Bd3 Nc6 6.Nxc6 dxc6 7.Nd2 e5 8.Nc4 Be6
9.Bd2 Bxc4 10.Bxc4 Nf6 11.Qe2 Bd6 12.O-O O-O 13.a4 h6 14.a5 Qe7 15.Kh1 Rad8
16.c3 Bc5 17.b4 Ba7 18.Be3 Bxe3 19.Qxe3 Qd6 20.Ra2 Rd7 21.Re2 Rfd8 22.g3 Qe7
23.Kg2 Ne8 24.f4 Nd6 25.Bb3 Nb5 26.Rf3 Kf8 27.Ref2 f6 28.g4 Qd6 29.g5 exf4
30.Rxf4 hxg5 31.Rf5 Qd3 32.Qxg5 Qxe4+ 33.R5f3 Nd6 34.Qh5 Nf7 35.Bxf7 Rxf7
36.Qh8+ Ke7 37.Qh5 Rd5 38.Qh3 Kd8 39.Kg1 Re7 40.Rf4 Rg5+  0-1

[Event "U16 Olympiad"]
[Site "Mersin TUR"]
[Date "2008.08.18"]
[Round "3"]
[White "Kilpatrick,C"]
[Black "Mazur,S"]
[Result "0-1"]
[WhiteElo "2203"]
[BlackElo "2237"]

1.e4 c5 2.Nf3 e6 3.d4 cxd4 4.Nxd4 a6 5.Bd3 Bc5 6.Nb3 Ba7 7.Qg4 Nf6 8.Qg3 d6
9.O-O Nc6 10.Nc3 Ne5 11.Kh1 h5 12.f3 Kf8 13.Bg5 h4 14.Qe1 h3 15.g3 b5 16.Be3 b4
17.Nb1 Bxe3 18.Qxe3 Bb7 19.a3 a5 20.axb4 axb4 21.Rxa8 Qxa8 22.N1d2 Ke7 23.Ra1 Qc8
24.Qb6 Rd8 25.Qxb4 Kf8 26.Na5 Ba8 27.Nac4 Nc6 28.Qa3 Qb8 29.Nxd6 Kg8 30.N2c4 Nd4
31.Qa7 Qxa7 32.Rxa7 Nxf3 33.Nxf7 Ng4  0-1

[Event "IM"]
[Site "Panevezys LTU"]
[Date "2008.08.18"]
[Round "9"]
[White "Sarakauskiene,Z"]
[Black "Bucinskas,V"]
[Result "1/2-1/2"]
[WhiteElo "2197"]
[BlackElo "2341"]

1.e4 c5 2.Nf3 e6 3.d4 cxd4 4.Nxd4 a6 5.Bd3 Bc5 6.Nb3 Be7 7.Nc3 Qc7 8.O-O Nf6
9.f4 d6 10.Qe2 Nc6 11.a3 O-O 12.Bd2 Re8 13.Rae1 Nd7 14.Qg4 b5 15.Rf3 g6 16.Rh3 Bf6
17.Nd1 Nb6 18.Bc3 e5 19.f5 d5 20.Qf3 Qd6 21.Nf2 gxf5 22.exf5 Nd7 23.Qh5 Kf8
24.g4 e4 25.Qh6+ Ke7 26.Bxf6+ Qxf6 27.Be2 Qxh6 28.Rxh6 Bb7 29.Rxh7 Rh8 30.Rxh8 Rxh8
31.Kg2 Kd6 32.Kg3 Nf6 33.Nh3 d4 34.Ng5 Rf8 35.Bf1 Ne5 36.Be2 d3 37.cxd3 exd3
38.Rd1 Bd5 39.Bxd3 Bxb3 40.Bc2+ Bd5 41.Ne4+ Ke7 42.Nxf6 Bf3 43.Re1 Kxf6 44.g5+ Kxg5
45.Rxe5 Rc8 46.Bb3 Kf6 47.Re3 Bb7 48.Rd3 Kxf5 49.Bxf7 Rc2 50.b4 Be4 51.Re3 Rg2+
52.Kh3 Rg7 53.Bh5 Kf4 54.Rg3 Rh7 55.Kh4 Rh8 56.Rg4+ Kf5 57.Rg5+ Kf4  1/2-1/2